000 00371 a2200169 4500
001 70765
020 _a8516028399
040 _cAnchieta - Itaigara
100 _aMayhew, James
240 1 0 _aÉrica e a Mona Lisa
_lpor
245 1 0 _aÉrica e a Mona Lisa
300 _a32
362 0 _a2001
440 1 _aModerna
650 4 _aLiteratura infanto-juvenil
942 _cBK
999 _c70765
_d70765